The six point record system and its use / (Record no. 7416)

MARC details
000 -LEADER
fixed length control field 00721cam a22002531i 4500
001 - CONTROL NUMBER
control field 6085078
003 - CONTROL NUMBER IDENTIFIER
control field GBCCL
005 - DATE AND TIME OF LATEST TRANSACTION
control field 20241126110627.0
008 - FIXED-LENGTH DATA ELEMENTS--GENERAL INFORMATION
fixed length control field 800826s1958 tnu 000 0 eng
010 ## -
-- 60015018
035 ## - SYSTEM CONTROL NUMBER
System control number (OCoLC)6656142
040 ## - CATALOGING SOURCE
Original cataloging agency DLC
Transcribing agency CPFT
Modifying agency DLC
042 ## -
-- premarc
050 00 -
-- BV1527
-- .N6 1958
082 ## - DEWEY DECIMAL CLASSIFICATION NUMBER
Classification number 268.5
Item number NOL
100 1# - MAIN ENTRY--PERSONAL NAME
Personal name Noland, Emma.
9 (RLIN) 13114
245 14 - TITLE STATEMENT
Title The six point record system and its use /
Statement of responsibility, etc. [by] Emma Noland.
250 ## - EDITION STATEMENT
Edition statement [Rev. ed., 1955]
260 ## - PUBLICATION, DISTRIBUTION, ETC.
Place of publication, distribution, etc. Nashville :
Name of publisher, distributor, etc. Convention Press
Date of publication, distribution, etc. [1958, 1941]
300 ## - PHYSICAL DESCRIPTION
Extent iv, 139 p. ;
Dimensions 20 cm.
650 #0 - SUBJECT ADDED ENTRY--TOPICAL TERM
Topical term or geographic name entry element Sunday schools
General subdivision Records.
9 (RLIN) 13115
906 ## - LOCAL DATA ELEMENT F, LDF (RLIN)
a 7
b cbc
c oclcrpl
d u
e ncip
f 19
g y-gencatlg
942 ## - ADDED ENTRY ELEMENTS (KOHA)
Source of classification or shelving scheme Dewey Decimal Classification
Koha item type Books
Holdings
Withdrawn status Lost status Source of classification or shelving scheme Damaged status Not for loan Home library Current Library Shelving location Date acquired Total checkouts Full call number Barcode Date last seen Copy number Price effective from Koha item type
    Dewey Decimal Classification     GRACE BIBLE COLLEGE GRACE BIBLE COLLEGE Ministry & Mission 2018-08-06   268.5 NOL 002498 2025-05-01 c.1 2018-08-06 Books
© Grace Bible College Library 2025